00504 2200205 4500001002100000008004100021035002000062245005300082100002000135250000600155260004200161300001100203084001400214082000800228650001400236990001200250990001200262990001200274990001200286INLIS000000000000492 ind  a0010-0424000468 aMenangani Material Secara ManualcSigit Setyawan aSetyawan, Sigit a1 aKlaten :bSaka Mitra Kompetensic2011 a65 hlm a600 SIG m a600 aNon Fiksi a0721988 a0721989 a0721990 a0721991